Quizzes
Events
Quiz Creation
Community
Videos
Private Events
Remove Ads
Sign In
Join for FREE
Feedback
Dark Mode
Quiz Categories
Sports
Geography
Music
Movies
Television
Just For Fun
Miscellaneous
History
Literature
Language
Science
Gaming
Entertainment
Religion
Holiday
For Kids
Quiz Lab
Recent
Popular Today
Quiz Kudos Today
Editor Picks
Curator Picks
Quizzes by...
Day
Popularity
Type
Ratings
Length
Year
Community
Subscriptions
Recent Discussions
Orange Saloon
Badges
Playlists
Quests
Create
Leaderboards
Showdown
Live 5
Trivia Bingo
Activity
Puzzle Library
Sporcle Events
Private Events
Virtual Trivia
Globe League
Become a Host
Pub Owners
SporcleCon
Opinionation
Our Games
Videos
Blog
Mobile Apps
Partnerships
Remove Ads and Go Orange
Feedback
Sports
Athletes
MLB
NBA
NHL
NFL
Soccer
Sports Teams
WWE
NCAA
Football
Premier League
Basketball
Baseball
Hockey
Golf
Tennis
Cricket
Rugby
Auto Racing
Olympics
World Cup
Sports
Athletes
MLB
NBA
NHL
NFL
Soccer
Sports Teams
WWE
NCAA
Football
Premier League
Basketball
Baseball
Hockey
Golf
Tennis
Cricket
Rugby
Auto Racing
Olympics
World Cup
Random Quiz
Search Sporcle
×
Quiz Lab
Quiz Lab
Sports
Cars
Type in answers that appear in a list
Type in answers that appear in a list
Classic
Best Score? Go Orange.
2010 nascar drivers Stats
Can you name the 2010 nascar drivers ?
By
ChaseFr
9m
44 Questions
21 Plays
21 Plays
21 Plays
Comments
Comments
Give Quiz Kudos
Give Quiz Kudos
-
- Ratings
hide this ad
Replay
Link that replays current quiz
Next Quiz
Link to next quiz in quiz playlist
You Got
0%
They Got
Avg Score
37%
Avg Friend Score
Upgrade to see
Score Distribution
Jump to the score distribution portion of the page
Score
0/44
Timer
09:00
0
Plays Today
sponsor(s)
pick what you thank is answer
% Correct
Aaron's Dream Machine (24 races)Tums (5 races)Best Western (1 race)
David Reutimann
71.4%
Bass Pro Shops (22 races) GE Reveal McDonald's (12 races) Sauve (1 race)Phillips Norelco (1 race)
Jamie McMurray
71.4%
GoDaddy.com (20 races)Delphi (2 races)Carquest (8 races)Hendrickcars.com (1 race)eBay.com Motors (Martinsville)
Mark Martin
71.4%
UPS 34 races-
-
UPS Frieght (2 races)
David Ragan
71.4%
DuPont FinishesNational Guard (8 races)Pepsi Max (2 races)
Jeff Gordon
66.7%
*****unsponsored*****
Bobby Labonte
61.9%
Miller Lite
Kurt Busch
61.9%
Verizon (with no logos)Mopar/
Dodge
Brad Keselowski
61.9%
Office Depot (22 races)Old Spice (14 races)Burger King (2 races)
Tony Stewart
57.1%
M&M's (25 races) Snickers (2 races) Pedigree (3 races) Double Mint Gum (2 race)Interstate Batteries (6 races
Kyle Busch
57.1%
NAPA
Martin Truex Jr
57.1%
Crown Royal (35 races)Valvoline (3 races)
Matt Kenseth
52.4%
Home Depot
Joey Logano
52.4%
CaterpillarLenox Industrial ToolsPrilosec OTC
Jeff Burton
52.4%
Lowe's Home Improvement Kobalt Tools
Jimmie Johnson
52.4%
FedEx Express FedEx Freight FedEx Ground FedEx Office
Denny Hamlin
47.6%
GEICO
Casey Mears
47.6%
3M, Post-
It, Red CrossU.S. Census (3 races)
Greg Biffle
47.6%
Target
Juan Pablo Montoya
47.6%
Furniture Row Farm America
Regan Smith
47.6%
Mountain Dew AMP Energy Drink Army National Guard
Dale Earnhardt Jr.
47.6%
Shell/
PennzoilPennzoil Ultra (2 races)Reese's/
Hershey Foods (1 race)
Kevin Harvick
42.9%
sponsor(s)
pick what you thank is answer
% Correct
General Mills/
CheeriosBB&T (9 races)The Hartford (3 races)
Clint Bowyer
42.9%
U.S. Army (15 races)Haas AutomationTornados (5 races)
Ryan Newman
42.9%
Best Buy /
InsigniaValvoline
A.J. Allmendinger
42.9%
Little Debbie (18 races)Clorox Kingsford Charcoal Bush's Baked BeansKleenex (5 races)Lance Snacks (3 races)
Marcos Ambrose
42.9%
Menard's
Paul Menard
42.9%
AflacSubway (3 races)Kellogg's /
Cheez-
It (2 races)
Carl Edwards
42.9%
Stanley Tools (20 races)Hunt Brothers Pizza (6 races)U.S. Air Force (5 races)
Elliott Sadler
38.1%
Mobil 1AAA (3 races)PPG (1 race)
Sam Hornish Jr.
38.1%
Red Bull
Scott Speed
38.1%
?
Joe Nemechek
28.6%
?
Michael McDowell
14.3%
SPEED Energy Drink ExtenzeMenards /
MAPEI Speed Factory Warner Brothers Music Monster Energy Drink Polaris
Kevin Conway, Robby Gordon
4.8%
Budweiser
Aric Almirola, Kasey Kahne
0%
Air National Guard Window World Cars (Daytona 500)
Patrick Carpentier, J.J. Yeley
0%
Long John Silver'sTaco Bell A&W
Travis Kvapil, David Gilliland
0%
?
Dave Blaney, J.J. Yeley
0%
Long John Silver'sTaco Bell A&WMahindra USA Tractor
Travis Kvapil, David Gilliland
0%
Long John Silver'sTaco Bell A&W
Travis Kvapil *-*-*-*-*-*-18 starts only-*-*-*-*-*-*-*-*-
0%
?Aaron's
Michael Waltrip, Mike Bliss, Terry Cook
0%
?
Johnny Sauter, Jason Leffler
0%
TaxSlayer.com (12 races) rest of season ****** unsponsored******
Hermie Sadler, Landon Cassill
0%
Red Bull Energy Drink
Reed Sorenson, Boris Said, kasey kahne
0%
Quiz Playlist
Details
Report
Send in Message
Add To Playlist
Classic:
Type in answers that appear in a list
Last Updated: Feb 16, 2017
Quiz Scoreboard
CHALLENGE
Sign Up to Join the Scoreboard
Show All
Scores
Hide
Comments
May contain spoilers
Recently Published
1-10 Letter E Words III
by El_Dandy
Language
2m
One Thing in Common: World Cities II
by knightlancer
Geography
7m
Popular People in 1961
by mucciniale
History
6m
More to Explore
Quiz From the Vault
Featured Blog Post
Where Did the Easter Bunny Come From?
hide this ad
You Might Also Like...
Tags
Cars Quiz
2010
car
Driver
NASCAR
sponsor
thank
Today's Top Quizzes in Sports
Browse Sports
hide this ad
Today's Top Quizzes in Cars
Browse Cars
Top Contributed Quizzes in Sports
1
2022 World Cup Stars
2
Les entraîneurs de l'OM et du PSG au 21e siècle
3
FIFA Club World Cup Champions
4
Criteria MLB: Left Handed Sluggers
5
Les meilleurs buteurs des matchs entre le PSG et l’OM
6
Name the Premier League winners with different clubs
7
Players with Multiple 50 Home Run Seasons
8
MLB Players with Two .350 Batting Average Seasons
9
La finale Lions - Afrique du Sud 2021
10
MLB Hall of Famer by Rings
Explore More
Trending Topics
Anime
Harry Potter
Kpop
Marvel
Crossword
Disney
NBA
The Office
Soccer
Country
NFL
Puzzle
Song
WWE
Pokémon
hide this ad
More By:
ChaseFr
Quiz
Plays
Rating
Category
Featured
Created
RCR nascar drivers
76
1.00
Sports
Jun 9, 2011
nascar nationwide series champions past 10 years
28
1.00
Sports
May 25, 2011
2010 nascar drivers
21
1.00
Sports
Jun 7, 2011
2011 winners race 1-12 only point races
4
1.00
Sports
Jun 4, 2011
camping world truck series champions
4
1.00
Sports
Jun 4, 2011
Go to Creator's Profile
Score Distribution
Quiz Creator Spotlight
ChaseFr
Follow
Send a Message
Quizzes Created
-
Created Quiz Play Count
-
More By This Creator
Popular Quizzes Today
1
Find the US States - No Outlines Minefield
2
The Countries of the World
3
Popular People in 1961
4
Find the Countries of Europe - No Outlines Minefield
5
1-10 Letter E Words III
6
Find the US States
7
One Thing in Common: World Cities II
8
US States
More Sports Quizzes
The Biggest Losers (Big 4)
Editor's Pick
Trending Quizzes
1-10 Letter F Words
1-10 Letter G Words
Risky Map Clicking: Next State Alphabetically
1-10 Letter F Words II
Risky Map Clicking: States by Unique Starting Letters
Recently Updated
Leaping Animals
pecheneg
Reality TV Shows (A-Z)
bhenderson79
Rickey Henderson's Hall of Fame Teammates
pecheneg
Champions League XIs: Arsenal
pecheneg
Quick Pick: Celebrities in WWE's Hall of Fame
aduchscher
A-Z Keypad Blitz II
pecheneg
Multiple Oscar Actors
pecheneg
Mystery Phrase Blitz: Oscar 'Best Actors'
pecheneg
F. Scott Fitzgerald Novels
LTH
Pick 3 Villains
ddd62291
Trending Topics
Disney
Kpop
Anime
Crossword
Harry Potter
NBA
Marvel
Song
NFL
Soccer
WWE
Pokémon
The Office
Country
Puzzle
Your Account Isn't Verified!
In order to create a playlist on Sporcle, you need to verify the email address you used during registration. Go to your
Sporcle Settings
to finish the process.
Report this User
Report this user for behavior that violates our
Community Guidelines
.
Details:
Send Report
Go to the Sporcle.com Mobile Site →
Comments